LEADER 01289nam a2200277 i 4500 001 000000167375 003 CaOOAMICUS 005 20181022142417.0 008 071130s2004 it u000 u ita u 013 $a144748 020 $a88-400-0922-1 040 $aSeMil$bita 245 10$aNatura umana e individualitą psichica :$bscienza, filosofia e religione in Italia e Germania tra Ottocento e Novecento /$ca cura di Stefano Poggi. 260 $aMilano :$bUnicopli,$c2004. 300 $a216 p. ;$c23 cm. 490 0 $aBiblioteca di Cultura Filosofica [Unicopli] ;$v26 500 $aContiene : Riferimenti bibliografici. 700 1 $aPoggi, Stefano <1947- >.$0(OLS)http://semarc/name/5322 830 0$aBiblioteca di cultura filosofica ;$v26.$0(OLS)http://semarc/title/419384 850 $aSeMil 852 $aSeMil$W1$xVenegono$y1$m226 7 26 *$j118526$B118526$CSeMilBibl$Z2$F131114 $81 961 $aOmaggio: Conti don Ermenegildo 996 $6020$a88-400-0922-1$9(OLS)http://semarc/number/154010 996 $6245$aNatura umana e individualitą psichica :$bscienza, filosofia e religione in Italia e Germania tra Ottocento e Novecento$9(OLS)http://semarc/title/239422 996 $6260$aMilano :$bUnicopli$9(OLS)http://semarc/publisher/29904 LEADER 01291nam a2200229 i 4500 001 000000193300 003 CaOOAMICUS 005 20101018000000.0 008 101018s1961 it u000 u ita u 013 $a171940 040 $aSeMil$bita 100 1 $aBassan, Alfonso .$0(OLS)http://semarc/name/93248 245 10$aDa avvocato a patriarca :$bCenni biografici di Mons. Angelo Ramazzotti (1800-1861) Fondatore del Pontificio Istituto Missioni Estere Vescovo di Pavia Patriarca di Venezia /$cAlfonso Bassan P.I.M.E. 260 $aMilano :$bPontificio Istituto Missioni Estere,$c1961. 300 $a198 p., [10] p. di tav. ;$c18 cm. 490 0 $aFigure d'apostoli ;$v3 650 4$aRamazzotti, Angelo .$0(OLS)http://semarc/subject/11469 830 0$aFigure d'apostoli ;$v3.$0(OLS)http://semarc/title/32045 850 $aSeMil 852 $aSeMil$W1$xVenegono$y1$m3J II 205$j143874$B143874$CSeMilBibl$Z2$F155356 $81 996 $6245$aDa avvocato a patriarca :$bCenni biografici di Mons. Angelo Ramazzotti (1800-1861) Fondatore del Pontificio Istituto Missioni Estere Vescovo di Pavia Patriarca di Venezia$9(OLS)http://semarc/title/278672 996 $6260$aMilano :$bPontificio Istituto Missioni Estere$9(OLS)http://semarc/publisher/30755